CS:GO Roster 2019 - Statistics

General Stats
  • This quiz has been taken 154 times
  • The average score is 16 of 20
Answer Stats
Hint Answer % Correct
Astralis Dupreeh
98%
Astralis Magisk
98%
Astralis Device
96%
Astralis Gla1ve
94%
Astralis Xyp9x
94%
FaZe Niko
91%
Fnatic JW
90%
FaZe Olofmeister
90%
FaZe Rain
88%
Team Liquid Elige
86%
Team Liquid NAF
85%
Team Liquid Stewie2k
85%
Fnatic Krimz
84%
FaZe Guardian
80%
Fnatic Twist
80%
Team Liquid Twistzz
77%
Team Liquid nitr0
75%
Fnatic Brollan
62%
FaZe Adren
51%
Fnatic Xizt
31%
No matching quizzes found
Score Distribution
Percent of People with Each Score
Percentile by Number Answered
Your Score History
You have not taken this quiz